Loading...
| Beliefs | 1 | 3 | 0 | 1 | 45 | 78 | 118.50 | 0 | 2 | 0.00 | 0.00 |
| Fine Arts - Visual | 1 | 1 | 0 | 0 | 25 | 63 | 82.50 | 0 | 1 | 0.00 | 0.00 |
| History - Other | 0 | 2 | 0 | 2 | 20 | 111 | 122.50 | 0 | 1 | 0.00 | 0.00 |
| Literature - American | 1 | 0 | 0 | 0 | 15 | 52 | 52.00 | 1 | 1 | 0.00 | 0.00 |
| History - World | 0 | 1 | 0 | 1 | 10 | 168 | 168.00 | 0 | 0 | 0.00 | 0.00 |
| Literature - British | 0 | 1 | 0 | 0 | 10 | 128 | 128.00 | 0 | 1 | 0.00 | 0.00 |
| Literature - European | 0 | 1 | 0 | 0 | 10 | 117 | 117.00 | 0 | 0 | 0.00 | 0.00 |
| Fine Arts - Classical Music and Opera | 0 | 0 | 0 | 0 | 0 | 0.00 | 0 | 0 | 0.00 | 0.00 | |
| Science - Other | 0 | 0 | 2 | 0 | -10 | 0.00 | 0 | 0 | 0.00 | 0.00 |